| 000 | 00697cam a22002417a 4500 | ||
|---|---|---|---|
| 001 | 001007 | ||
| 003 | armpunfd | ||
| 005 | 20140612090627.0 | ||
| 008 | 011114s2001#xx#a##########000#0##nd#d | ||
| 020 | _a9502311638 | ||
| 040 |
_aarmpunfd _carmpunfd |
||
| 080 | _a341.238 K 849 | ||
| 245 | 1 | 0 | _aGeopolitica y globalizacion : estado-nacion, autodeterminacion, region y fragmentacion |
| 260 |
_a Buenos Aires : _b Eudeba, _c2001. |
||
| 300 | _a213 p. | ||
| 650 | 7 |
_a Estado Nacional _2LEMB |
|
| 650 | 7 |
_a Geopolitica _2LEMB |
|
| 650 | 7 |
_a Globalizacion _2LEMB |
|
| 650 | 7 |
_a Politica _2LEMB |
|
| 650 | 7 |
_a Reduccionismo Polemologico _2LEMB |
|
| 942 |
_cLB _2cdu |
||
| 945 |
_aCatalis _d2010-08-19 |
||
| 999 |
_c998 _d231502 |
||